Tous les clubs de National depuis 1997 - Statistiques

Statistiques générales
  • Ce quiz a été pris 88 fois
  • Le résultat moyen est 64 sur 114
Statistiques - réponses
Département Réponse % Correct
01 Football-Bourg-en-Bresse-Pézenas-01
97%
21 Dijon-FCO
90%
49 Stade-Olympique-Choletais
88%
60 AS-Beauvais-Oise
87%
25 FC-Sochaux-Montbéliard
87%
30 Nîmes-Olympique
87%
08 CS-Sedan-Ardennes
85%
72 Le-Mans-FC
85%
75 Paris-FC
85%
80 Amiens-SC
83%
54 AS-Nancy-Lorraine
83%
76 Fc-Rouen-1899
83%
36 La-Berrichonne-de-Châteauroux
83%
64 Pau-FC
83%
67 RC-Strasbourg-Alsace
82%
37 Tours-FC
82%
59 Valenciennes-FC
82%
45 US-Orléans
80%
57 FC-Metz
78%
49 SC-de-l'Ouest-Angers
78%
13 AC-Arles
77%
06 AS-Cannes
77%
63 Clermont-Foot
77%
22 En-Avant-Guingamp
77%
38 Grenoble-Foot-38
77%
12 Rodez-Aveyron-Foot
77%
80 US-Roye
77%
2A Gazélec-FC-Ajaccio
75%
93 Red-Star-FC
75%
62 US-Boulogne-Côte-d'Opale
75%
79 Chamois-Niortais
73%
13 FC-Martigues
73%
78 FC-Versailles
73%
83 SC-Toulon
73%
53 Stade-Lavallois
73%
51 Stade-de-Reims
72%
59 US-du-Littoral-Dunkerque
72%
68 FC-Mulhouse
70%
22 Stade-Briochin
70%
26 AS-d'Origine-Arménienne-de-Valence/Olympique-de-Valence
68%
74 FC-Annecy
68%
13 FC-Istres
68%
34 AS-Béziers
67%
31 Toulouse-FC
67%
56 Vannes-Olympique-Club
67%
68 Sports-Réunis-Colmar
65%
94 US-Créteil-Lusitanos
65%
62 Calais-Racing-Union-FC
63%
34 FC-Sète-34
63%
29 US-Concarneau
63%
2A AC-Ajaccio
62%
16 AS-Angoulême-Charente
62%
25 Besançon-Racing
62%
85 La-Roche-sur-Yon-Vendée-Foot
62%
76 Quevilly-Rouen-Métropole
62%
29 Stade-Brestois
62%
74 Evian-Thonon-Gaillard/Croix-de-Savoie
60%
64 Aviron-Bayonnais
58%
71 FC-Gueugnon
58%
03 AS-Moulins
57%
10 Esperance-Sportive-Troyes-Aube-Champagne
57%
2B FC-Borgo/FC-Bastia-Borgo/CA-Bastia
57%
05 Gap-FC
57%
83 Etoile-FC-Fréjus-St-Raphaël
55%
88 Stade-Athlétique-Spinalien
55%
90 AS-municipale-Belfortaine-FC
53%
18 FC-Bourges
53%
86 Stade-Poitevin-FC
53%
33 FC-Libourne-St-Seurin
52%
08 FC-Olympique-de-Charleville
52%
43 Le-Puy-Foot
52%
13 Marseille-Consolat/Athlético-Marseille/Groupe-Sportif-Consolat
52%
85 Vendée-les-Herbiers-Football
50%
13 Aubagne-FC
48%
2B SC Bastia
48%
50 US-Avranches
47%
50 AS-Cherbourg
45%
60 FC-Chambly-Oise
45%
83 Hyères-FC
45%
30 Olympique-d'Alès
43%
09 Luzenac-Ariège-Pyrénées
42%
91 AS-Evry
40%
71 CS-Louhans-Cuiseaux
40%
69 Grand-Ouest-Association-Lyonnaises-FC
40%
69 FC-Villefranche-Beaujolais
38%
13 Marignane-Gignac-Côte-Bleue-FC
38%
92 RC-de-France
38%
93 St-Denis-St-Leu-FC
38%
59 Entente-Sportive-Wasquehal
37%
85 Luçon-Vendée-Foot
37%
69 SC-Lyon/Lyon-la-Duchère
37%
69 AS-St-Priest
35%
44 US-Jeanne-d'Arc-Carquefou
35%
03 AS-Yzeure
33%
24 Trélissac-FC
33%
31 US-Colomiers
33%
93 Jeanne-d'Arc-de-Drancy
30%
75 Paris-13-Atletico
30%
41 Sologne-Olympique-Romorantin
28%
85 Le-Poiré-sur-Vie-Vendée-Foot
25%
95 Entente-Sannois-St-Gratien
23%
30 Entente-Sportive-Uzès-Pont-du-Gard/Entente-Sportive-Pays-d'Uzès
23%
27 Pacy-Vallée-d'Eure-Football
23%
86 Stade-Olympique-Châtelleraudais
23%
94 US-Lusitanos-St-Maur
22%
13 Stade-Olympique-Cassis-Carnoux
18%
29 Stade-Plabennecois
18%
79 Thouars-Foot-79
17%
88 US-Raonnaise
17%
30 Stade-Beaucairois
13%
94 Union-de-la-Jeunesse-Arménienne-d'Alfortville
12%
93 Olympique-Noisy-le-Sec
10%
93 Villemomble-Sports
10%
91 ES-Viry-Châtillon
5%
Aucun quiz correspondant
Distribution des résultats
% des personnes avec chaque résultat
Percentile par nombre de réponses
Votre historique - résultats
Vous n’avez pas pris ce quiz